| 000 | 00723nam a2200253 a 4500 | ||
|---|---|---|---|
| 001 | nice12345678 | ||
| 003 | IN_TiNIC | ||
| 005 | 20260116011545.0 | ||
| 008 | 050524s1829 lona grp 000 0 eng | ||
| 020 |
_a _c100 |
||
| 082 | 0 | 0 |
_a955 _bMAL |
| 100 | _aMalcolm, John | ||
| 245 | _aHistoryof Persia from the Most Early Period | ||
| 260 |
_aLondon _bJohn Murray _c1829 |
||
| 300 | _a555p | ||
| 500 | _aincludes index and biblioraphy | ||
| 505 | 2 | _aIll, Numerous Illusrations and a Map | |
| 505 | 2 |
_aIll, Numerous Illusrations and a Map00 _gV1. _tHistoryof Persia from the Most Early Period.-- _gV2. _tHist |
|
| 650 | _aIran-History | ||
| 700 | 1 | _aMalcolm, John | |
| 902 | _bSRS | ||
| 942 | _cBK | ||
| 999 |
_c2595 _d2595 |
||